000 01115nam a2200277 a 4500
001 000025058
005 20200930023533.0
008 110209s1972 mx r 000 0 spa d
040 _aDO-SdBNP
_bspa
_cBNPHU
041 1 7 _aspa
_heng
_2Código de idiomas MARC
082 _ann*
_bnn*
100 1 _aEraut, Michael.
_951411
240 1 0 _aFundamentals of arithmetic.
_lEspañol
245 1 0 _aFundamentos de aritmética /
_cMichael Eraut ; traducción de Antonio Abaunza de la Escosura... [et al.].
260 _aMéxico, D. F. :
_bCentro Regional de Ayuda Técnica. Agencias para el Desarrollo Internacional,
_c1972.
300 _a527 p. ;
_c23 cm.
490 1 _aSerie Básica de Matemáticas
534 _aTítulo de la obra original :
_tFundamentals of arithmetic
700 1 _aAbaunza de la Escosura, Antonio,
_etr.
_951412
700 1 _aCalvo Arjona, José B.,
_etr.
_951413
700 1 _aFrontana de la Cruz, Bernardo,
_etr.
_951414
700 1 _aGarcía Altamirano, Gabriel,
_etr.
_951415
700 1 _aRojas de Bengardi, Arturo,
_etr.
_951416
830 0 _aSerie Básica de Matemáticas
_951417
049 _aBNGR
999 _c24551
_d24551